000 00408nam a2200157Ia 4500
008 130318s9999 xx 000 0 und d
020 _a812970983X
082 _a658.4022 BEC/E
100 _aBeck, Kent
245 _aExtreme programming explained: Embrace change
250 _a2
260 _bPearson Education
_aNew Delhi
_c2005
300 _a211
650 _aEXTREME PROGRAMMING
700 _aAndres, Cynthia
999 _c901
_d901